Avengers Endgame cast - Statistics

General Stats
  • This quiz has been taken 341 times
  • The average score is 28 of 59
Answer Stats
Character Cast % Correct
Iron Man Robert Downey Jr.
99%
Captain America Chris Evans
97%
Thor Chris Hemsworth
97%
Black Widow Scarlett Johansson
97%
Hulk Mark Ruffalo
95%
Captain Marvel Brie Larson
89%
Ant-Man Paul Rudd
89%
Spider-Man Tom Holland
81%
Star-Lord Chris Pratt
78%
Loki Tom Hiddleston
75%
Doctor Strange Benedict Cumberbatch
74%
War Machine Don Cheadle
73%
Nick Fury Samuel L. Jackson
72%
Rocket Raccoon Bradley Cooper
70%
Thanos Josh Brolin
70%
Scarlet Witch Elizabeth Olsen
68%
Black Panther Chadwick Boseman
67%
Groot Vin Diesel
67%
Pepper Potts Gwyneth Paltrow
65%
Winter Soldier Sebastian Stan
64%
Falcon Anthony Mackie
61%
Ronin Jeremy Renner
60%
Gamora Zoe Saldana
59%
Nebula Karen Gillan
58%
Jane Foster Natalie Portman
58%
Wong Benedict Wong
57%
Drax Dave Bautista
57%
Happy Hogan Jon Favreau
53%
Valkyrie Tessa Thompson
52%
Wasp Evangeline Lilly
42%
Hank Pym Michael Douglas
40%
Car driver Stan Lee
39%
Ancient One Tilda Swinton
38%
Peggy Carter Hayley Atwell
37%
May Parker Marisa Tomei
36%
Maria Hill Cobie Smulders
33%
Janet Van Dyne Michelle Pfeiffer
31%
Alexander Pierce Robert Redford
31%
Korg Taika Waititi
31%
Okoye Danai Gurira
29%
Shuri Letitia Wright
28%
Mantis Pom Klementieff
28%
M'Baku Winston Duke
28%
Frigga Rene Russo
25%
Thaddeus Ross William Hurt
24%
Brock Rumlow Frank Grillo
23%
Ned Jacob Batalon
21%
Ramonda Angela Bassett
18%
Howard Stark John Slattery
15%
Laura Barton Linda Cardellini
14%
Red Skull Ross Marquand
14%
Harley Keener Ty Simpkins
14%
Edwin Jarvis James D'Arcy
10%
Jasper Sitwell Maximiliano Hernández
8%
Security Guard Ken Jeong
7%
Jack Rollins Callan Mulvey
6%
F.R.I.D.A.Y Kerry Condon
6%
Akihiko Hiroyuki Sanada
5%
SHIELD Agent Yvette Nicole Brown
4%
No matching quizzes found
Score Distribution
Percent of People with Each Score
Percentile by Number Answered
Your Score History
You have not taken this quiz